[Event "Reinstorf Blitz op"]
[Site "Reinstorf"]
[Date "2022.02.04"]
[Round "7"]
[White "Schoell, Tobias"]
[Black "Marcinczyk, Monika"]
[Result "0-1"]
[WhiteElo "1635"]
[BlackElo "1910"]
[PlyCount "54"]
[EventDate "2022.01.29"]
[EventType "swiss (blitz)"]
[EventRounds "9"]
[EventCountry "GER"]
[SourceTitle "CBM 206 Extra"]
[Source "ChessBase"]
[SourceDate "2022.03.31"]
[SourceVersion "1"]
[SourceVersionDate "2022.03.31"]
[SourceQuality "1"]

1. e4 c6 2. d4 g6 3. c4 Bg7 4. f4 d5 5. cxd5 cxd5 6. e5 Nc6 7. Nf3 e6 8. Nc3 Nge7 9. Bb5 0-0 10. 0-0 Qb6 11. Ba4 Nf5 12. Kh1 Ncxd4 13. Nxd4 Qxd4 14. Qe2 a6 15. Bc2 Ne7 16. Bd3 Qc5 17. Be3 d4 18. Bg1 Nc6 19. Ne4 Qb4 20. b3 b5 21. Qf3 Bd7 22. Qh3 h5 23. g4 hxg4 24. Qh4 Ne7 25. a3 Nf5 26. Nf6+ Bxf6 27. Qxf6 Bc6+ 0-1